Refractories (Record no. 21792)
[ view plain ]
| 000 -LEADER | |
|---|---|
| fixed length control field | 00493nam a22001817a 4500 |
| 008 - FIXED-LENGTH DATA ELEMENTS--GENERAL INFORMATION | |
| fixed length control field | 230420b |||||||| |||| 00| 0 eng d |
| 020 ## - INTERNATIONAL STANDARD BOOK NUMBER | |
| International Standard Book Number | 07-047538-5 |
| 040 ## - CATALOGING SOURCE | |
| Original cataloging agency | National Science Library |
| Transcribing agency | National Science Library |
| 080 ## - UNIVERSAL DECIMAL CLASSIFICATION NUMBER | |
| Universal Decimal Classification number | 666.76 |
| Item number | K8 |
| 100 ## - MAIN ENTRY--PERSONAL NAME | |
| Personal name | Norton, F H |
| 9 (RLIN) | 7031 |
| 245 ## - TITLE STATEMENT | |
| Title | Refractories |
| 250 ## - EDITION STATEMENT | |
| Edition statement | 4th ed. |
| 260 ## - PUBLICATION, DISTRIBUTION, ETC. | |
| Place of publication, distribution, etc. | New York: |
| Name of publisher, distributor, etc. | McGraw-Hill Book Company, |
| Date of publication, distribution, etc. | 1968 |
| 300 ## - PHYSICAL DESCRIPTION | |
| Extent | x, 450p. |
| 650 ## - SUBJECT ADDED ENTRY--TOPICAL TERM | |
| Topical term or geographic name entry element | Chemical technology |
| 653 ## - INDEX TERM--UNCONTROLLED | |
| Uncontrolled term | Drying |
| 942 ## - ADDED ENTRY ELEMENTS (KOHA) | |
| Source of classification or shelving scheme | Universal Decimal Classification |
| Koha item type | Reference |
| Withdrawn status | Lost status | Damaged status | Not for loan | Collection | Home library | Current library | Shelving location | Date acquired | Total Checkouts | Full call number | Barcode | Date last seen | Price effective from | Koha item type | Source of classification or shelving scheme | Materials specified (bound volume or other part) |
|---|---|---|---|---|---|---|---|---|---|---|---|---|---|---|---|---|
| Reference | National Science Library | National Science Library | GF/Rk-20/C-9/R-1 | 07/06/1968 | 666.76 K8 | 22759 | 20/04/2023 | 07/06/1968 | Reference | |||||||
| Reference | National Science Library | National Science Library | GF/Rk-20/C-9/R-1 | 07/06/1968 | 666.76 KB | 190185 | 20/04/2023 | 07/06/1968 | Reference | Universal Decimal Classification |